EPIC: The Musical - Lyrics Sort #40 - WYFILWMA - Statistics

General Stats
  • This quiz has been taken 232 times
  • The average score is 29 of 52
Answer Stats
Hint Answer % Correct
Line 2 Is it you?
88%
Line 4 Is it really you standing there, or am I dreaming once more?
85%
Line 1 Penelope [1]
85%
Line 7 Is it really you, my love?
81%
Line 5 You look different, your eyes look tired
80%
Line 6 Your frame is lighter, your smile torn
80%
Line 3 Have my prayers been answered?
79%
Line 8 I am not the man you fell in love with
79%
Line 9 I am not the man you once adored
77%
Line 10 I am not your kind and gentle husband
77%
Line 11 And I am not the love you knew before
64%
Line 12 Would you fall in love with me again [1]
63%
Line 13 If you knew all I've done? [1]
59%
Line 21 But all of that was to bring me back to you
55%
Line 24 If you knew all I've done? [2]
55%
Line 23 Would you fall in love with me again [2]
54%
Line 15 Would you love me all the same?
54%
Line 19 As I traded friends like objects I could use
53%
Line 20 Hurt more lives than I can count on my hands
53%
Line 26 I am not the man you knew
53%
Line 16 I know that you've been waiting, waiting for love
53%
Line 18 Left a trail of red on every island
53%
Line 14 The things I cannot change
53%
Line 25 The things I can't undo
53%
Line 17 What kinds of things did you do?
53%
Line 27 I know that you've been waiting, waiting
52%
Line 32 How could you say this?
51%
Line 28 If that's true, could you do me a favor?
51%
Line 31 Lift it high on your shoulders and take it far away from here
51%
Line 30 See that wedding bed? Could you carry it over?
51%
Line 34 Carved it into the olive tree where we first met
50%
Line 36 Do you realize what you have asked me?
50%
Line 33 I had built that wedding bed with my blood and sweat
50%
Line 29 Just a moment of labor that would bring me some peace
50%
Line 43 No matter how long it's been, you're mine
50%
Line 38 Only my husband knew that
50%
Line 37 The only way to move it is to cut it from its roots
50%
Line 35 A symbol of our love everlasting
49%
Line 42 I don't care how, where, or when
49%
Line 41 I will fall in love with you over and over again
49%
Line 45 You're always my husband, and I've been waiting, waiting, waiting
49%
Line 39 So I guess that makes him you
48%
Line 22 So tell me
48%
Line 44 Don't tell me you're not the same person
47%
Line 52 I love you
47%
Line 40 Penelope [2]
46%
Line 51 20 years
44%
Line 50 How long has it been?
44%
Line 48 Waiting, oh
42%
Line 49 For you
39%
Line 47 Waiting, waiting
38%
Line 46 (Penelope) waiting, waiting (Penelope)
36%
No matching quizzes found
Score Distribution
Percent of People with Each Score
Percentile by Number Answered
Your Score History
You have not taken this quiz